Languages of Montenegro - Statistics

General Stats
  • This quiz has been taken 53 times
  • The average score is 5 of 5
Answer Stats
Percent Language % Correct
42 Serbian
98%
2 Serbo-Croatian
98%
5 Albanian
90%
37 Montenegrin
85%
5 Bosnian
79%
No matching quizzes found
Score Distribution
Percent of People with Each Score
Percentile by Number Answered
Your Score History
You have not taken this quiz